| 000 | 00752nam a2200229 a 4500 | ||
|---|---|---|---|
| 005 | 20240807063729.0 | ||
| 008 | 060215s2004 mx r 000 0 spa d | ||
| 020 | _a8449315212 | ||
| 035 | _aUPN01000142336 | ||
| 049 | _aCG | ||
| 050 | 4 |
_aQA139 _bH6.5 |
|
| 100 | 1 | _aHoward, W. J. | |
| 245 | 1 | 0 |
_aMatemáticas sencillas : _baprende a calcular mentalmente sin problemas / _cW. J. Howard ; tr. Joan Vilaltella. |
| 260 |
_aBarcelona, Esp. : _bPaidós, _c2004. |
||
| 300 | _a137 p. | ||
| 440 | 0 |
_aDivulgación/Autoayuda ; _v209 |
|
| 534 |
_pTítulo original: _tDoing simple match in your head |
||
| 650 | 4 |
_aMatemáticas _vProblemas, ejercicios, etc. _93580 |
|
| 650 | 4 |
_aARITMETICA MENTAL _97860 |
|
| 650 | 4 |
_aCALCULO NUMERICO _95810 |
|
| 905 | _aLibro | ||
| 999 |
_c114483 _d114483 |
||